Unusual names - sudden death - Statistics

General Stats
  • This quiz has been taken 111 times
  • The average score is 5 of 33
Answers on the Grid
Answers color-coded by a green-red scale on the quiz's grid according to % correct below.
Luke Skywalker
Harsh Pant
Eric Djemba-Djemba
Mr. Topsy-Turvy
He-Who-Shall-Not-Be-Named
Boss Haggis
Jamari Thrash
Tanoh Kpassagnon
Nombre Imposible
Luther None of the Above Knox
Hitler Eufemio Mayora
Burnt Mattress
Notar Eelpersson
Rex Everything
Bumper Pool
Mogoeng Mogoeng
Cleer Lee-Maidup
Charleston Rambo
Supply Belcher
Justin Strnad
Julius Christ
Master Teague
Ben Dover
Wredd Herring
Odd-Even Bustnes
Isaiahh Loudermilk
Quindarious Monday
Moe deGrasse
Habakkuk Baldonado
Randy Bullock
Baron Browning
Aleta Cockin
Amen Ogbongbemiga
Bo Hamburger
Stalin González
Mister Philyor
Ding Dong
Scarlett Harengus
April Schauer
Bosco "The Terminator" Ntaganda
Colonel Edmond "Saddam" Ringo
Rev. Canon Polycarp Kibuuka Kakooza
Agustín Loser
Cabdiraxmaan Maxamud Maxamud
Kevin Phillips Bong
Wilbur Trumpetbottom
Man Afraid of the Soap
Yorkshire Bank plc are Fascist B*****s
 
Answer Stats
Answer % Correct
Cameroonian footballer Eric Djemba-Djemba
53%
Wide receiver Jamari Thrash
27%
Random Venezuelan Hitler Eufemio Mayora
24%
Chinese weightlifting gold medallist Ding Dong
22%
Isaiahh Loudermilk
22%
Danish cyclist Bo Hamburger
20%
Wide receiver Charleston Rambo
20%
Venezuelan protest organiser Stalin González
20%
Argentine Olympic volleyball medallist Agustín Loser
18%
Linebacker Baron Browning
18%
Rwandan-born warlord Bosco "The Terminator" Ntaganda
18%
NFL kicker Randy Bullock
18%
* Previously Michael Howerd Yorkshire Bank plc are Fascist B*****s
18%
Linebacker Amen Ogbongbemiga
16%
Defensive end Habakkuk Baldonado
16%
Linebacker Justin Strnad
16%
Safety Quindarious Monday
16%
April Schauer
13%
Somali lawyer Cabdiraxmaan Maxamud Maxamud
13%
Delhi professor Harsh Pant
13%
* Louisiana political candidate Luther None of the Above Knox
13%
South African anti-vaxxer Mogoeng Mogoeng
13%
Ugandan football chief Rev. Canon Polycarp Kibuuka Kakooza
13%
Defensive end Tanoh Kpassagnon
13%
Ally of Ntaganda in D.R. Congo Colonel Edmond "Saddam" Ringo
11%
German rower Julius Christ
11%
Mohawk 1904 Olympic lacrosse medallist Man Afraid of the Soap
11%
Wide receiver Mister Philyor
11%
Running back Master Teague
9%
1700s musician Supply Belcher
9%
Norwegian Olympic rower Odd-Even Bustnes
7%
Random Briton Aleta Cockin
4%
Linebacker Bumper Pool
4%
No matching quizzes found
Score Distribution
Percent of People with Each Score
Percentile by Number Answered
Your Score History
You have not taken this quiz